| 000 | 00899nam a22002057a 4500 | ||
|---|---|---|---|
| 999 |
_c3342 _d3342 |
||
| 003 | AR-CdUCM | ||
| 008 | 190306b ||||| |||| 00| 0 spa d | ||
| 040 |
_aMUNICIPALIDAD PROVINCIAL DEL CUSCO _cBIBLIOTECA MUNICIPAL DEL CUSCO |
||
| 082 |
_22ed. _a371 / _bAL35 |
||
| 100 |
_aAlarco, Luis Felipe _911080 |
||
| 245 | _aLecciones de filosofía de la educación / | ||
| 260 |
_aLima : _bJuan Mejía Baca, _bP.L. Villanueva, _c1954. |
||
| 300 |
_aXI, 257 páginas ; _bdiagramas, figuras, _c22 cm. |
||
| 505 | _aContenido: Teoría de la educación -- Doctrinas pedagógicas -- La realidad educacional -- Estructura de la educación -- El educador -- El educando -- El contenido educativo -- El fin educativo -- El método didáctico -- Antropología pedagógica. | ||
| 650 |
_aFilosofía _9395 |
||
| 650 |
_aEducación _9460 |
||
| 650 |
_aMétodo didáctico _911081 |
||
| 942 |
_2ddc _cLIBROS |
||
| 945 | _aachl | ||